Giáo trình nhập môn công tác xã hội
Giới thiệu tổng quan về công tác xã hội; chức năng, nhiệm vụ của công tác xã hội; nền tảng khoa học, các quan điểm giá trị, nguyên tắc đạo đức, phương pháp, kỹ năng áp dụng và đối tượng chính của công tác xã hội...
Salvato in:
| Autore principale: | |
|---|---|
| Natura: | Libro |
| Lingua: | Vietnamese |
| Pubblicazione: |
H.
Giáo dục
2011
|
| Soggetti: | |
| Tags: |
Aggiungi Tag
Nessun Tag, puoi essere il primo ad aggiungerne! !
|
| Thư viện lưu trữ: | Mạng thư viện Đại học Đà Nẵng |
|---|
| LEADER | 01399aam a22003498a 4500 | ||
|---|---|---|---|
| 001 | 000018603 | ||
| 003 | 15037 | ||
| 005 | 20131128151137.0 | ||
| 008 | 131128s2011 viesd | ||
| 020 | |c 25000đ |d 700b | ||
| 041 | 0 | |a vie | |
| 082 | 1 | 4 | |2 14 |a 361.3071 |b MA-T |
| 100 | 1 | |a Mai Thị Kim Thanh | |
| 245 | 1 | 0 | |a Giáo trình nhập môn công tác xã hội |c Mai Thị Kim Thanh |
| 260 | |a H. |b Giáo dục |c 2011 | ||
| 300 | |a 127 tr. |c 24 cm. | ||
| 504 | |a Thư mục: tr. 125-126 | ||
| 520 | |a Giới thiệu tổng quan về công tác xã hội; chức năng, nhiệm vụ của công tác xã hội; nền tảng khoa học, các quan điểm giá trị, nguyên tắc đạo đức, phương pháp, kỹ năng áp dụng và đối tượng chính của công tác xã hội... | ||
| 600 | |1 7 | ||
| 650 | 0 | 4 | |a Công tác xã hội |v Giáo trình |
| 653 | |a Công tác xã hội | ||
| 655 | 7 | |2 Bộ TK TVQG |a Giáo trình | |
| OWN | |a LSP | ||
| AVA | |a UDN50 |b LSP |d 361.3071 MA-T |e available |t Error 5001 Not defined in file expand_doc_bib_avail. |f 5 |g 1 |h N |i 0 |k 1 | ||
| 999 | |a From the UDN01 | ||
| AVA | |a UDN50 |b LSP |d 361.3071 MA-T |e available |t Error 5001 Not defined in file expand_doc_bib_avail. |f 5 |g 1 |h N |i 0 |k 1 | ||
| TYP | |a Monograph | ||
| TYP | |a Printed language | ||
| 980 | |a Mạng thư viện Đại học Đà Nẵng | ||